000 00192 a2200097 4500
020 _a9780446691796
041 _aeng
100 _aSparks, Nicholas
245 _aNights in Rodanthe
942 _cBK
999 _c31722
_d31720